000 00235nam a2200097Ia 4500
001 693057
005 20250826161907.0
008 250824s9999 xx 000 0 und d
245 0 _aCEMİLE/O.KEMAL/EVEREST
_cORHAN KEMAL
260 _bEVEREST
999 _c693057
_d693057